Extra brain boosters

Bibliographic Details
Format: Book
Published: Singapore : Bookworm Publishing , 1994
Series:Bookworm
Subjects:

MARC

LEADER 00000cam a2200000 7i4500
001 0000009486
002 000010336
005 20000330.0
020 |a 9813023872 
090 0 0 |a JF   |b BOO 
245 0 0 |a Extra brain boosters 
260 |a Singapore :   |b Bookworm Publishing ,   |c 1994 
300 |a 77p. :   |b ill ;   |c 19cm. 
490 0 |a Bookworm 
650 0 0 |a Children's stories 
999 |a 047225   |b BUKU   |c PINJAMAN   |e PERPUSTAKAAN KOMUNITI PETALING JAYA 
999 |a 047226   |b BUKU   |c PINJAMAN   |e PERPUSTAKAAN KOMUNITI PETALING JAYA 
999 |a 050950   |b BUKU   |c PINJAMAN   |e PERPUSTAKAAN KOMUNITI PETALING JAYA 
999 |a 050951   |b BUKU   |c PINJAMAN   |e PERPUSTAKAAN KOMUNITI PETALING JAYA 
999 |a 050952   |b BUKU   |c PINJAMAN   |e PERPUSTAKAAN KOMUNITI PETALING JAYA